| 000 | 00381nam a22001577a 4500 | ||
|---|---|---|---|
| 003 | OSt | ||
| 005 | 20240305111756.0 | ||
| 008 | 190417b xxu||||| |||| 00| 0 eng d | ||
| 020 | _a978-0073530536 | ||
| 040 | _cIIMT UNIVERSITY | ||
| 100 | _aPALMER IAN | ||
| 245 | _aMANAGING ORGANIZATIONAL CHANGE | ||
| 260 |
_aNEW DELHI _bTMH PUB _c2010 |
||
| 300 | _a367 | ||
| 942 |
_2ddc _c02 _e2010 |
||
| 999 |
_c46514 _d46514 |
||